The Island of Doctor Moreau / (Record no. 15373)
[ view plain ]
| 000 -LEADER | |
|---|---|
| fixed length control field | 01231nam a22002657a 4500 |
| 008 - FIXED-LENGTH DATA ELEMENTS--GENERAL INFORMATION | |
| fixed length control field | 110523s2008 enk|||||r|||| 000 j eng d |
| 020 ## - INTERNATIONAL STANDARD BOOK NUMBER | |
| International Standard Book Number | 1405881909 |
| 020 ## - INTERNATIONAL STANDARD BOOK NUMBER | |
| International Standard Book Number | 9781405881906 |
| 020 ## - INTERNATIONAL STANDARD BOOK NUMBER | |
| International Standard Book Number | 9781405879125 (CD-ROM) |
| 082 ## - DEWEY DECIMAL CLASSIFICATION NUMBER | |
| Edition number | 22 |
| Classification number | 428.6 |
| Item number | WEL |
| 100 ## - MAIN ENTRY--PERSONAL NAME | |
| 9 (RLIN) | 19410 |
| Personal name | Wells, H. G. |
| Dates associated with a name | 1866-1946. |
| Fuller form of name | (Herbert George), |
| 245 ## - TITLE STATEMENT | |
| Title | The Island of Doctor Moreau / |
| Statement of responsibility, etc | H. G. Wells; Retold by Fiona Beddall |
| 260 ## - PUBLICATION, DISTRIBUTION, ETC. (IMPRINT) | |
| Place of publication, distribution, etc | Harlow : |
| Name of publisher, distributor, etc | Pearson, 2008 |
| Date of publication, distribution, etc | 2008 |
| 300 ## - PHYSICAL DESCRIPTION | |
| Extent | 54 p. : |
| Other physical details | col. ill. ; |
| Dimensions | 20 cm. + |
| Accompanying material | 2 CD-ROMs (4 3/4 in.) |
| 490 ## - Series Statement | |
| -- | 5756 |
| Series statement | Penguin readers ; |
| -- | Level 3 |
| 521 ## - TARGET AUDIENCE NOTE | |
| Target audience note | A2: Pre-Intermediate |
| 650 ## - SUBJECT ADDED ENTRY--TOPICAL TERM | |
| 9 (RLIN) | 9891 |
| Topical term or geographic name as entry element | Science fiction, English |
| 650 ## - SUBJECT ADDED ENTRY--TOPICAL TERM | |
| 9 (RLIN) | 24032 |
| Topical term or geographic name as entry element | High interest-low vocabulary books |
| 653 ## - INDEX TERM--UNCONTROLLED | |
| Resource For college | |
| Arrived date list | May2011 |
| 700 ## - ADDED ENTRY--PERSONAL NAME | |
| 9 (RLIN) | 5719 |
| Personal name | Beddall, Fiona. |
| Relator term | nrt |
| 942 ## - ADDED ENTRY ELEMENTS (KOHA) | |
| Source of classification or shelving scheme | Dewey Decimal Classification |
| Item type | Book - Borrowing |
| Withdrawn status | Item status | Source of classification or shelving scheme | Damaged status | Not for loan | Vendor | Home library | Current library | Shelving location | Date acquired | Source of acquisition | Cost, normal purchase price | Serial Enumeration / chronology | Total Checkouts | Total Renewals | Full call number | Barcode | Date last seen | Date last borrowed | Cost, replacement price | Koha item type | Public note |
|---|---|---|---|---|---|---|---|---|---|---|---|---|---|---|---|---|---|---|---|---|---|
| Lost and Paid For | Dewey Decimal Classification | Baccah | Central Library | Central Library | Second Floor | 23/05/2011 | Purchase | 40.00 | 12341 | 7 | 7 | 428.6 WEL | 000023677 | 29/03/2016 | 29/03/2016 | 50.00 | Book - Borrowing | ||||
| Dewey Decimal Classification | Baccah | Central Library | Central Library | Second Floor | 23/05/2011 | 428.6 WEL | 000023679 | 24/08/2022 | CD | DVD - With book | Disc 1 | |||||||||||
| Dewey Decimal Classification | Baccah | Central Library | Central Library | Second Floor | 23/05/2011 | 428.6 WEL | 000023678 | 24/08/2022 | CD | DVD - With book | Disc 2 |